000
00280nam a22001337a 4500
008
170412b xxu||||| |||| 00| 0 eng d
020
_a
0395271622
041
_a
eng
080
_a
612.39
100
_a
10
101
_a
SHM
245
_a
FIT OR FAT?
_c
BAILEY, C
942
_2
udc
_c
BK
999
_c
10466
_d
10466